Temperate broad-leaved evergreen forests

Αποθηκεύτηκε σε:
Λεπτομέρειες βιβλιογραφικής εγγραφής
Άλλοι συγγραφείς: Ovington, J. D. (Επιμελητής έκδοσης)
Μορφή: Βιβλίο
Γλώσσα:English
Δημοσίευση: Amsterdam; New York : Elsevier, 1983
Σειρά:Ecosystems of the world ; ; 10
Θέματα:
Ετικέτες: Προσθήκη ετικέτας
Δεν υπάρχουν, Καταχωρήστε ετικέτα πρώτοι!

MARC

LEADER 00000pam a2200000 i 4500
001 1/71239
008 960405s1983 eng d
020 |a 0-444-42091-6 
035 |l 10002696 
040 |a GR-MY-UA  |b gre  |e aacr 
041 0 |a eng 
082 0 |a 581.52642 
245 1 0 |a Temperate broad-leaved evergreen forests /  |c edited by J. D. Ovington 
260 |a Amsterdam; New York :   |b Elsevier,   |c 1983 
300 |a x, 241 p.;  |b ill., maps;  |c 27 cm 
490 1 |a Ecosystems of the world  |v ; 10 
504 |a Includes bibliographical references and index 
650 0 0 |a Forest ecology. 
650 0 0 |a Evergreens, Broad-leaved. 
700 1 |a Ovington, J. D.  |4 edt 
830 0 |a Ecosystems of the world ;  |v ; 10 
852 |a INST  |b LESVOS  |e 19960405  |h 581.52642 TEM  |p 005100010615  |q 005100010615  |t BK  |y 0 
909 |a Λ  |b 01882